000 00640nam a2200169Ia 4500
003 OSt
005 20260119130604.0
008 240429s9999||||xx |||||||||||||| ||und||
041 _aeng
082 _aCR/CCC/23
100 _aCommittee on Subsidiary Legislation
245 0 _aReport of the Committee on Subsidiary Legislation on the Narcotics Control Commission (Cultivation and Management of Cannabis) Regulation, 2023
300 _a10p.
650 _aReport of the Committee on Subsidiary Legislation on the Narcotics Control Commission - (Cultivation and Management of Cannabis) Regulation, 2023
942 _cCR
_2ddc
_n0
999 _c3963
_d3963